Dimisión de la cirugía / (Record no. 110453)

MARC details
000 -LEADER
campo de control de longitud fija 00645nam a2200217 4500
001 - NÚMERO DE CONTROL
campo de control 110453
003 - IDENTIFICADOR DE NÚMERO DE CONTROL
campo de control ES-MaACL
005 - FECHA Y HORA DE LA ÚLTIMA TRANSACCIÓN
campo de control 20230906185044.0
007 - CAMPO FIJO DE DESCRIPCIÓN FÍSICA--INFORMACIÓN GENERAL
campo de control de longitud fija t|
008 - DATOS DE LONGITUD FIJA--INFORMACIÓN GENERAL
campo de control de longitud fija 061121s1956 sp r ||||1| spa d
100 1# - ENTRADA PRINCIPAL--NOMBRE DE PERSONA
Nombre de persona Ody, François.
9 (RLIN) 86540
245 10 - MENCIÓN DEL TÍTULO
Título Dimisión de la cirugía /
Mención de responsabilidad, etc. François Ody; versión española de Javier Vidal.
250 ## - MENCION DE EDICION
Mención de edición 1ª. ed.
260 ## - PUBLICACIÓN, DISTRIBUCIÓN, ETC.
Lugar de publicación, distribución, etc. Barcelona :
Nombre del editor, distribuidor, etc. Luis de Caralt,
Fecha de publicación, distribución, etc. 1956.
300 ## - DESCRIPCIÓN FÍSICA
Extensión 230 p. :
Otras características físicas `retr. aut.` ;
Dimensiones 20 cm.
490 1# - MENCIÓN DE SERIE
Mención de serie Cultura médica
700 1# - ENTRADA AGREGADA--NOMBRE PERSONAL
Nombre de persona Vidal, Javier.
9 (RLIN) 114435
830 0# - PUNTO DE ACCESO ADICIONAL DE SERIE-TÍTULO UNIFORME
Título uniforme Cultura médica
9 (RLIN) 183701
852 ## - LOCALIZACIÓN
Ubicación ES-MaACL
Número de control de estantería C-11376
Sublocalización o colección R.39560
Holdings
Estatus retirado Estado de pérdida Estado de daño No para préstamo Biblioteca de origen Biblioteca actual Ubicación en estantería Fecha de adquisición Fuente de adquisición Total de préstamos Signatura topográfica completa Código de barras Visto por última vez Precio de reemplazo Tipo de ítem Koha
        Biblioteca del Ateneo de Madrid Biblioteca del Ateneo de Madrid Sala Palomar 17/01/2008     C-11376 1115240 23/02/2023 23/02/2023 Libro impreso